UBT Library

PROFESSIONAL RESPONSIBILITY (Record no. 59735)

000 -LEADER
fixed length control field 00334nam a22001457a 4500
008 - FIXED-LENGTH DATA ELEMENTS--GENERAL INFORMATION
fixed length control field 230516b ||||| |||| 00| 0 eng d
020 ## - INTERNATIONAL STANDARD BOOK NUMBER
International Standard Book Number 9781269824613
041 ## - LANGUAGE CODE
Language code of text/sound track or separate title eng
080 ## - UNIVERSAL DECIMAL CLASSIFICATION NUMBER
Edition identifier 9780735562448
Universal Decimal Classification number 34
082 ## - DEWEY DECIMAL CLASSIFICATION NUMBER
Classification number 34WEN
100 ## - Rafti
Rafti 32
101 ## - Shkurtesa
Shkurtesa JURE
245 ## - TITLE STATEMENT
Title PROFESSIONAL RESPONSIBILITY
Statement of responsibility, etc WENDEL.B.W
942 ## - ADDED ENTRY ELEMENTS (KOHA)
Source of classification or shelving scheme
Item type Books
Holdings
Withdrawn status Lost status Source of classification or shelving scheme Damaged status Not for loan Collection code Permanent location Current location Date acquired Total Checkouts Full call number Barcode Date last seen Price effective from Koha item type
          Koleksioni i përgjithshem UBT - Lipjan UBT - Lipjan 05/16/2023   34WEN 002-800080235 05/16/2023 05/16/2023 Books
          Koleksioni i përgjithshem UBT - Lipjan UBT - Lipjan 05/18/2023   573ALE 002-800080320 05/18/2023 05/18/2023 Books
UBT Library © 2015-2024. All rights reserved University Education for Business and Technology